| 000 | 00844cam a22002771 4500 | ||
|---|---|---|---|
| 001 | 1424 | ||
| 003 | BD-RjUL | ||
| 005 | 20211208233332.0 | ||
| 008 | 1 s1952 sw 001 0 eng | ||
| 035 | _a(BD-RjUL)1446 | ||
| 035 | _a(OCoLC)10429610 | ||
| 040 |
_aDLC _cCLS _dMiDW _dDLC _beng |
||
| 041 | 1 |
_aeng _hswe |
|
| 082 |
_216 _a122 _bGOB 1952 |
||
| 100 | 1 |
_aGötlind, Erik. _94209 |
|
| 245 | 0 | 0 |
_aBertrand Russell's theories of causation / _cErik, Götlind |
| 260 |
_aUppsala : _bAlmqvist & Wiksells, _c1952. |
||
| 300 |
_a164 p. ; _c22 cm. |
||
| 500 | _aInaug.-Diss.--Uppsala; without thesis statement. | ||
| 500 | _aTranslated from the Swedish manuscript by Reginald Stedman. | ||
| 600 | 1 | 0 |
_aRussell, Bertrand, _d1872-1970. _9114697 |
| 650 | 0 |
_aCausation. _9296 |
|
| 942 |
_2ddc _cBK |
||
| 999 |
_c1424 _d1424 |
||